| 000 | 01148cam a2200253 4500 | ||
|---|---|---|---|
| 008 | 020805n2002 000 0 eng u | ||
| 020 | _a0727731092 | ||
| 035 | _a(Sirsi) u119212 | ||
| 041 | _aeng. | ||
| 050 |
_a347.4107 _c18 |
||
| 100 | _aEdwards, L. | ||
| 245 | _aPractical adjudication for construction professionals | ||
| 260 |
_aLondon _bThomas Telford _c2002 |
||
| 300 |
_a282p. _c25cm. |
||
| 350 | _a50 | ||
| 520 | _aOffers detailed practical guidance on the process of construction-related adjudication. Incorporates valuable guidance from recently decided legal cases, identifies significant differences between statutory Scheme adjudications, and highlights increasing divergence between the decisions of the English and Scottish courts. | ||
| 650 | _aMANAGEMENT-DISPUTE AVOIDANCE, MANAGEMENT AND RESOLUTION-DISPUTE MANAGEMENT AND RESOLUTION-ALTERNATIVE DISPUTE RESOLUTION-ADJUDICATION | ||
| 650 | _aBUILT ENVIRONMENT | ||
| 650 | _aALTERNATIVE DISPUTE RESOLUTION | ||
| 650 | _aHOUSING GRANTS, CONSTRUCTION AND REGENERATION ACT 1996 PART II | ||
| 690 |
_aDispute resolution _96236 |
||
| 700 | _aAnderson, R. | ||
| 942 | _n0 | ||
| 999 |
_c102270 _d102270 |
||